000 00633cam a2200229 4500500
005 20260405002823.0
041 _afre
042 _adc
100 1 0 _aEnjalbert, Cédric
_eauthor
245 0 0 _aSex Academy
260 _c2018.
500 _a5
690 _aAvital Ronell
690 _aÉtats-Unis
690 _aFéminisme
690 _aHarcèlement
690 _aSexe
690 _aSociété
690 _aUniversité
786 0 _nPhilosophie magazine | 123 | 10 | 2018-10-01 | p. 10-10 | 1951-1787
856 4 1 _uhttps://shs.cairn.info/magazine-philosophie-magazine-2018-10-page-10?lang=fr&redirect-ssocas=7080
999 _c2061452
_d2061452